Introduccion a la poesia /
Guardado en:
| Autor Principal: | |
|---|---|
| Formato: | Libro |
| Publicado: |
Buenos Aires :
Fondo De Cultura Economica,
1962
|
| Series: | Coleccion Popular ; 30
|
| Materias: | |
| Etiquetas: |
Agregar Etiqueta
Sin Etiquetas, Sea el primero en etiquetar este registro!
|
| LEADER | 00550nam a22001815a 4500 | ||
|---|---|---|---|
| 001 | EHU.bham024293 | ||
| 003 | AR-BHAM | ||
| 005 | 20080215143857.0 | ||
| 008 | 130507s1962##################000#0#####d | ||
| 082 | 8 | 0 | |a 808.1 |
| 100 | 1 | |a Fernandez Moreno, Cesar | |
| 245 | 1 | 0 | |a Introduccion a la poesia / |c Cesar Fernandez Moreno |
| 260 | |a Buenos Aires : |b Fondo De Cultura Economica, |c 1962 | ||
| 300 | |a 143 p. | ||
| 490 | 0 | |a Coleccion Popular ; 30 | |
| 653 | |a Donacion lejarraga | ||
| 653 | |a Poesia | ||
| 859 | |a AR-BHAM |b BIB. HUMANIDADES - General |h 808.1 |i F391-1 |p 63.02 |t Ej.1 | ||
